00501nam a2200157Ia 4500008004100000041000800041082001700049100001900066245002500085250001400110260003700124300003200161365000900193999001500202952012600217240624s9999 xx 000 0 und d aeng a658.4092 KOU aKOUZES JAMES M aLEADERSHIP CHALLENGE a(4th ed.) c2007aSan FranciscobJossey-Bass axvii, : 389 : p. : cm. ; 23 cb28 c7844d7844 00104070aIMTNbIMTNcRack 29-Bd2007-12-27eBWEg29.95o658.4092 KOUp7844r2024-06-24 00:00:00t39.53w2024-06-24yBK